Wat zijn de 20 grootste steden met departementen en regions in Frankri - Statistieken

Algemene statistieken
  • Deze quiz is 15 keer genomen
    12 sinds de laatste reset
  • De gemiddelde score is 31 van 60
Antwoordstatistieken
Hint Antwoord % Correct
9 Bordeaux
100%
3 Lyon
100%
2 Marseille
100%
6 Nantes
100%
5 Nice
100%
12 Reims
100%
4 Toulouse
100%
10 Lille
90%
7 Montpellier
90%
1 Stad Paris
90%
Dep Paris
90%
8 Strasbourg
90%
17 Dijon
80%
16 Grenoble
80%
13 Le Havre
80%
11 Rennes
80%
Loire
70%
19 Nîmes
70%
Bretagne
60%
Grand Est
60%
Grand Est
60%
Regio Ile-de-France
60%
Nord
60%
Normandië
60%
14 Saint-Étienne
60%
18 Angers
50%
Hauts-de-France
50%
Hérault
50%
Marne
50%
15 Toulon
50%
20 Villeurbanne
50%
Gard
40%
Gironde
40%
Occitanië
40%
Occitanië
40%
Occitanië
40%
Alpes-Maritimes
30%
Auvergne-Rhône-Alpes
30%
Auvergne-Rhône-Alpes
30%
Auvergne-Rhône-Alpes
30%
Auvergne-Rhône-Alpes
30%
Bouches-du-Rhône
30%
Bourgogne-Franche-Comté
30%
Isère
30%
Loire-Atlantique
30%
Pays de la Loire
30%
Pays de la Loire
30%
Bas-Rhin
20%
Côte-d'Or
20%
Haute-Garonne
20%
Ille-et-Vilaine
20%
Métropole de Lyon
20%
Métropole de Lyon
20%
Nouvelle-Aquitaine
20%
Provence-Alpes-Côte d'Azur
20%
Provence-Alpes-Côte d'Azur
20%
Provence-Alpes-Côte d'Azur
20%
Seine-Maritime
20%
Var
20%
Maine-et-Loire
10%
Geen overeenkomende quizzen gevonden
Scoreverdeling
Procent van Mensen met Elke Score
Percentiel versus Aantal Correcte Antwoorden
Uw Scoregeschiedenis
U heeft deze quiz nog niet genomen sinds de laatste reset